000 00547nam a2200205Ia 4500
005 20240711100841.0
008 131103s9999 xx 000 0 und d
020 _a333909161
040 _aLoreto College
041 _aEnglish
082 _a809
_bPRA
100 _aPrasad, Birjadish
245 2 _aA short history of English poetry
_b for Indian students
_cBirjadish Prasad
260 _aLondon
_bMacmillan
_c1987
300 _a131 p.
_b pic.
504 _aIncludes index
650 _aEnglish Literature
850 _aLCBED
942 _cBK
999 _c29829
_d80308